Alternatívna energia - energia pre budúcnosť diplomová práca

Enregistré dans:
Détails bibliographiques
Auteur principal: Babušiak, Jaroslav
Collectivité auteur: Obchodná fakulta EU. Katedra medzinárodného obchodu
Autres auteurs: Jurkovičová, Lujza
Format: Livre
Langue:slovaque
Publié: Bratislava 2009
Tags: Ajouter un tag
Pas de tags, Soyez le premier à ajouter un tag!

MARC

LEADER 00000nam$a2200000$$$4500
001 0100554
005 20240318133607.6
041 0 |a slo 
044 |a SK 
245 1 0 |a Alternatívna energia - energia pre budúcnosť  |b diplomová práca  |c Jaroslav Babušiak ; škol. Lujza Jurkovičová 
264 1 |a Bratislava  |c 2009 
300 |a 71 s. 
100 1 |a Babušiak, Jaroslav 
700 1 |a Jurkovičová, Lujza 
710 2 |a Obchodná fakulta EU. Katedra medzinárodného obchodu